La sociología urbana en una región en crisis: el caso de América Central /
Estudio teórico-metodológico sobre la sociología urbana en Centroamérica. Apoya su exposición en el trabajo realizado por Cristian Topalov, investigador francés. Hace un recorrido histórico del desarrollo de la sociología urbana, para concluir que no ha habido preocupación sobre el tema, plantea l...
Uloženo v:
| Hlavní autor: | |
|---|---|
| Korporativní autor: | |
| Médium: | Konferenční příspěvek Kniha |
| Jazyk: | Spanish |
| Témata: | |
| Tagy: |
Přidat tag
Žádné tagy, Buďte první, kdo vytvoří štítek k tomuto záznamu!
|
MARC
| LEADER | 00000nam a22000007a 4500 | ||
|---|---|---|---|
| 003 | cru CIDCACS/IIS | ||
| 005 | 20220305062544.0 | ||
| 007 | ta | ||
| 008 | 170217s1988 cr ||||| |||| 00| 0 spa d | ||
| 040 | |c CRAI/IIS |a CRAI/IIS | ||
| 100 | 1 | |a Lungo Uclés, Mario |9 2601 | |
| 245 | 1 | 3 | |a La sociología urbana en una región en crisis: |b el caso de América Central / |c Mario Lungo Uclés |
| 300 | |a 8 páginas | ||
| 500 | |a Colección Centroamérica | ||
| 520 | |a Estudio teórico-metodológico sobre la sociología urbana en Centroamérica. Apoya su exposición en el trabajo realizado por Cristian Topalov, investigador francés. Hace un recorrido histórico del desarrollo de la sociología urbana, para concluir que no ha habido preocupación sobre el tema, plantea la necesidad de hacerlo y de desarrollarlo sobre todo en lo relativo a conocer los procesos de las estructuras urbanas fundamentales para su proyección, superar el pragmatismo inmediatista y coyuntural que ha caracterizado a esta disciplina. Insta a realizar acciones relativas a promover el estudio teórico-metodológico para no caer en el empirismo así como investigaciones que ayuden a la transformación de las ciudades centroamericanas. MR/MR | ||
| 650 | 1 | 0 | |9 1182 |a URBANISMO |
| 650 | 1 | 0 | |a SOCIOLOGIA |9 2081 |
| 651 | 1 | 0 | |9 142 |a GUATEMALA |
| 711 | |9 2730 |a Coloquio "Les raisons de l'urbain". |c Francia |d 19-22 octubre 1988, |e LARES. Université de Rennes 2 | ||
| 773 | 0 | |0 18901 |9 6654 |a Universidad de Costa Rica. |d San José, Costa Rica CSUCA, 1986- |o 21807 |t Cuadernos de Investigación CSUCA / | |
| 942 | |2 ddc |c PP | ||
| 999 | |c 18903 |d 18903 | ||
